000 00490nam a22001697a 4500
005 20251108175433.0
008 250721s2015 xx 000 0 ara d
082 1 4 _a185/طال
100 1 _aطاليس، أرسطو
245 1 0 _aالكون والفساد /
264 1 _aالقاهرة :
_bمكتبة النافذة،
_c2015.
300 _a317 ص.
650 1 7 _aالفلسفة و الفساد
650 1 7 _aالفلسفة الأرسطورية
942 _2ddc
_cBK
999 _c134093
_d134093